00556nam a2200205 a 4500001001300000003000900013005001700022008004100039020002300080082002000103100002400123245005400147260003300201300000900234500003500243505001000278650001700288650002100305700002400326nice12345678IN_TiNIC20260116013149.0050524s1995 newa grp 000 0 eng  a0883444 c88200a305.420960bODU aOduyoye, Mercy Amba aDaughters of Anowab African Women and Patriarchy aNew YorkbOrbis Books c1995 a229p aincludes index and biblioraphy2 aIndex aWomen-Africa aPatriarchy-Women1 aOduyoye, Mercy Amba